• 首页
  • 本馆介绍
  • 公告通知
  • 最新文献
  • 馆藏检索
  • 电子资源
  • 读者导购
  • 参考咨询
  • 我的图书馆
  • 登录
  • 详细信息显示
  • 放入我的书架
  • 预约/预借图书
  • 作者相关作品
  • 分类相关作品
  • 丛书相关作品
  • 出版社相关作品

书目信息

  • 表格格式
  • 工作单格式
  • 卡片格式
题名:
建筑工程项目管理
    
 
作者: 毛义华 主编
分册:  
出版信息: 北京   中央广播电视大学出版社  2017.11
页数: 203页
开本: 26cm
丛书名:
单 册:
中图分类: TU712.1
科图分类:
主题词: 建筑工程--工程项目管理--开放大学--教材
电子资源:
ISBN: 978-7-304-08392-2
000 00911nam0 2200277 45
001 012001001102
005 20211012151923.69
010    @a978-7-304-08392-2@dCNY33.00
090    @aTU712@bmyh
096    @aTU71@bmyh
100    @a20170407d2017 em y0chiy50 ea
101 0  @achi
102    @aCN@b110000
105    @ay z 000yy
106    @ar
200 1  @a建筑工程项目管理@Ajian zhu gong cheng xiang mu guan li@f毛义华主编
205    @a2版
210    @a北京@c中央广播电视大学出版社@d2017.11
215    @a203页@d26cm
300    @a国家开放大学
330    @a本书内容涉及:项目管理概述,建筑工程招投标与合同管理,建筑工程项目施工成本管理,施工进度管理,施工质量、安全和文明施工管理,项目信息管理等。
606 0  @a建筑工程@x工程项目管理@x开放大学@j教材
690    @aTU712.1@v5
701  0 @a毛义华@Amao yi hua@f(1963 )@4主编
801  0 @aCN@bBJSDL@c20211011
905    @b1333052-5@dTU712.1@e1890=2@f4
    
    建筑工程项目管理/毛义华主编.-2版.-北京:中央广播电视大学出版社,2017.11
    203页;26cm
    国家开放大学
    
    ISBN 978-7-304-08392-2:CNY33.00
    本书内容涉及:项目管理概述,建筑工程招投标与合同管理,建筑工程项目施工成本管理,施工进度管理,施工质量、安全和文明施工管理,项目信息管理等。
●
相关链接 在E读中查询图书 在五车中查询图书 在当当中查询图书 在豆瓣中查询图书


正题名:建筑工程项目管理     索取号:TU712.1/1890=2         预约/预借

序号 登录号 条形码 馆藏地/架位号 状态 备注
1 1333052   213330527   第二样本阅览室/ [索取号:TU712.1/1890=2] 在馆    
2 1333053   213330536   第三借阅区/ [索取号:TU712.1/1890=2] 在馆    
3 1333054   213330545   第三借阅区/ [索取号:TU712.1/1890=2] 在馆    
4 1333055   213330554   第三借阅区/ [索取号:TU712.1/1890=2] 在馆    
唐山师范学院图书馆 欢迎您!
大连网信软件有限公司© 版权所有